| 000 | 01168nam a22002057a 4500 | ||
|---|---|---|---|
| 999 |
_c62697 _d62697 |
||
| 003 | Ge_BSU | ||
| 005 | 20250124120637.0 | ||
| 008 | 250124s2019 ge ||||| |||| 00| 0 geo d | ||
| 020 | _a9789941264580 | ||
| 041 | _ageo | ||
| 080 | _a338.22(075.8) ე-82 | ||
| 100 |
_aერქომაიშვილი, გულნაზ _92815 |
||
| 245 |
_aრაციონალური ეკონომიკური პოლიტიკა = Rational economic policy : _bბიზნესმეწარმეობიდან სოციალური მეწარმეობისაკენ მამოძრავებელი ძალა / _cგულნაზ ერქომაიშვილი; რედაქტორი რევაზ გველესიანი. |
||
| 264 |
_aთბილისი : _bუნივერსალი, _c2019. |
||
| 300 |
_a170 გვ. : _bცხრ., დიაგრ. ; _c20 სმ. |
||
| 653 | _aმეწარმეობა | ||
| 653 | _aეკონომიკა | ||
| 700 |
_aგველესიანი, რევაზ _eრედაქტორი _93195 |
||
| 942 |
_2udc _cᲬᲘᲒᲜᲘ |
||